| 000 | 01396pam a2200337 a 4500 | ||
|---|---|---|---|
| 001 | 4019210 | ||
| 003 | ARRUPE | ||
| 005 | 20160215123249.0 | ||
| 008 | 971230s1998 ilu b 001 0 eng | ||
| 010 | _a 97052350 | ||
| 020 | _a0810112167 (cloth : alk. paper) | ||
| 020 | _a0810112353 (pbk. : alk. paper) | ||
| 040 |
_aDLC _cDLC _dDLC |
||
| 041 | 1 |
_aeng _hfre |
|
| 050 | 0 | 0 |
_aB3279.H49 _bM27413 1998 |
| 082 | 0 | 0 |
_a142/.7 _221 |
| 100 | 1 |
_aMarion, Jean-Luc, _d1946- _98771 |
|
| 240 | 1 | 0 |
_aRéduction et donation. _lEnglish |
| 245 | 1 | 0 |
_aReduction and givenness : _binvestigations of Husserl, Heidegger, and phenomenology / _cJean-Luc Marion ; translated by Thomas A. Carlson. |
| 260 |
_aEvanston, Ill. : _bNorthwestern University Press, _cc1998. |
||
| 300 |
_axvii, 261 p. ; _c24 cm. |
||
| 490 | 1 | _aNorthwestern University studies in phenomenology and existential philosophy | |
| 504 | _aIncludes bibliographical references (p. 207-249) and index. | ||
| 600 | 1 | 0 |
_aHeidegger, Martin, _d1889-1976. _922305 |
| 600 | 1 | 0 |
_aHusserl, Edmund, _d1859-1938. _9717 |
| 650 | 0 |
_aPhenomenology _xHistory. _910306 |
|
| 830 | 0 |
_aNorthwestern University studies in phenomenology & existential philosophy. _922306 |
|
| 906 |
_a7 _bcbc _corignew _d1 _eocip _f19 _gy-gencatlg |
||
| 942 |
_2lcc _cMONOGRAPH |
||
| 999 |
_c124180 _d124180 |
||